The retreat from Burma, 1941-1942 / (Record no. 551863)
[ view plain ]
| 000 -LEADER | |
|---|---|
| fixed length control field | 00778nam a2200193 a 4500 |
| 020 ## - INTERNATIONAL STANDARD BOOK NUMBER | |
| International Standard Book Number | 071539486X |
| 082 00 - DEWEY DECIMAL CLASSIFICATION NUMBER | |
| Classification number | 940.5425 |
| Author Mark | RET |
| -- | L-30, P-75 |
| 100 1# - MAIN ENTRY--PERSONAL NAME | |
| Personal name | Lunt, James D., |
| 9 (RLIN) | 49026 |
| 245 14 - TITLE STATEMENT | |
| Title | The retreat from Burma, 1941-1942 / |
| Statement of responsibility, etc. | James Lunt. |
| 260 ## - PUBLICATION, DISTRIBUTION, ETC. | |
| Place of publication, distribution, etc. | Newton, Abbot, Devon : |
| Name of publisher, distributor, etc. | David & Charles Publishers ; |
| Place of publication, distribution, etc. | New York, NY : |
| Name of publisher, distributor, etc. | Distributed in the United States by Sterling Pub. Co., |
| Date of publication, distribution, etc. | 1989. |
| 300 ## - PHYSICAL DESCRIPTION | |
| Extent | xxiii, 318 p. : |
| Other physical details | ill. ; |
| Dimensions | 20 cm. |
| 490 1# - SERIES STATEMENT | |
| Series statement | Battle standards |
| 526 ## - STUDY PROGRAM INFORMATION NOTE | |
| Program name | 0 |
| Interest level | 0 |
| Reading level | 0 |
| Title point value | 940_542500000000000_RET |
| 526 ## - STUDY PROGRAM INFORMATION NOTE | |
| Program name | 0 |
| Interest level | 0 |
| Reading level | 0 |
| Title point value | 940_542500000000000_RET |
| 650 #0 - SUBJECT ADDED ENTRY--TOPICAL TERM | |
| Topical term or geographic name entry element | Soldiers |
| Geographic subdivision | Great Britain |
| General subdivision | Biography. |
| 9 (RLIN) | 49027 |
| 650 #0 - SUBJECT ADDED ENTRY--TOPICAL TERM | |
| Topical term or geographic name entry element | World War, 1939-1945 |
| General subdivision | Campaigns |
| Geographic subdivision | Burma. |
| 9 (RLIN) | 37818 |
| 650 #0 - SUBJECT ADDED ENTRY--TOPICAL TERM | |
| Topical term or geographic name entry element | World War, 1939-1945 |
| General subdivision | Personal narratives, British. |
| 9 (RLIN) | 12163 |
| 942 ## - ADDED ENTRY ELEMENTS (KOHA) | |
| Source of classification or shelving scheme | |
| Koha item type | Book |
| Withdrawn status | Lost status | Source of classification or shelving scheme | Damaged status | Not for loan | Permanent Location | Current Location | Date acquired | Total Checkouts | Full call number | Barcode | Date last seen | Price effective from | Koha item type |
|---|---|---|---|---|---|---|---|---|---|---|---|---|---|
| Military College of Engineering (MCE) | Military College of Engineering (MCE) | 12/31/2014 | 940.5425 RET | MCE-40116 | 12/31/2014 | 12/31/2014 | Book | ||||||
| Military College of Engineering (MCE) | Military College of Engineering (MCE) | 12/31/2014 | 940.5425 RET | MCE-40362 | 12/31/2014 | 12/31/2014 | Book |
